Memoria anual de gestión 2024 (Registro nro. 22124)
[ vista simple ]
| 000 -Cabecera | |
|---|---|
| Campo de control interno | 00762nam a22002417a 4500 |
| 005 - Fecha y hora del registro | |
| control field | 20260416163501.0 |
| 008 - Elementos de Longitud Fija | |
| fixed length control field | 260324b |||||||| |||| 00| 0 spa d |
| 041 ## - Idioma | |
| Codigo Idioma | ESP |
| 082 ## - DEWEY y NOTACIÓN INTERNA | |
| Dewey | RM 353.9 |
| Notación Interna | S42 2024 |
| 100 ## - AUTOR | |
| Autor denominación | , |
| 110 ## - AUTOR INSTTITUCIONAL | |
| Autor Institucional | SEDAPAR |
| 245 ## - TÍTULO DE MATERIAL BIBLIOGRÁFICO | |
| Título | Memoria anual de gestión 2024 |
| 260 ## - CIUDAD, EDITORIAL, AÑO | |
| Ciudad | Arequipa : |
| Nombre de la Editorial | Sedapar, |
| Año | [2024] |
| 300 ## - DESCRIPCIÓN | |
| N° Páginas | 76 páginas : |
| Otros detalles | ilustraciones ; |
| Dimensiones | 20 cm. |
| 440 ## - MENCIÓN DE SERIE | |
| Título de la Serie | ; |
| 650 ## - TEMAS | |
| Temas | Ciencias Sociales |
| 653 ## - DESCRIPTORES | |
| Lenguajes no controlado | Administración pública; SEDAPAR - Administración; Servicios municipales - Perú - Arequipa |
| 654 ## - PROGRAMAS | |
| Programa | Todos los programas |
| 700 ## - OTROS AUTORES | |
| Otros autores | ; |
| 856 ## - URL - UBICACIÓN | |
| URI/URL: Enlace exacto del recurso | <a href="https://itmsp.museknowledge.com/UCSP?groupID=2&action=source&sourceID=JSTOR_org_IP ">https://itmsp.museknowledge.com/UCSP?groupID=2&action=source&sourceID=JSTOR_org_IP </a> |
| Nota pública: Versión digital | <a href="Véase además: Base de datos JSTOR">Véase además: Base de datos JSTOR</a> |
| 942 ## - ELEMENTOS DE KOHA | |
| Tipo de documento | Memoria |
| Nombre del creador | Justo Noguera |
| Código de catalogador | Tania Ramirez |
| Suppress in OPAC | No |
| Esquema de clasificación | Dewey Decimal Classification |
| Codigo completo | Registro | Colección | Copia número | Disponibilidad | Tipo de préstamo | Biblioteca Actual | Procedencia (Biblioteca) | Ubicacón | Fecha Ingreso | Tipo de Adquisición | Observación | Date last seen | Total checkouts | Price effective from | Tipo de Item | Estado del Material | Fuente de Clasificación | Damaged status | Withdrawn status |
|---|---|---|---|---|---|---|---|---|---|---|---|---|---|---|---|---|---|---|---|
| RM 353.9 S42 2024 | 1088215 | Universidad Católica San Pablo | 1 | No disponible | Proceso | Víctor Andrés Belaunde | Víctor Andrés Belaunde | Planta baja cerrada | 24/03/2026 | Donación | Rectorado | 24/03/2026 | 24/03/2026 | Memoria | Bueno | Dewey Decimal Classification | Withdrawn |




